[Event "Vereinsjugendmeisterschaft 2024"]
[Site "Steinfurt"]
[Date "2024.05.19"]
[Round "4.10"]
[White "Venmanns, Joshua"]
[Black "Krumbeck, Maya"]
[Result "0-1"]
[WhiteElo "750"]
[BlackElo "774"]
[Annotator "Taktische Analyse 6.4"]
[PlyCount "76"]
[Beauty "7768924762147"]
[GameId "2056110788219080"]
[EventDate "2024.??.??"]
[WhiteTeam "SC Steinfurt 1996 e. V."]
[BlackTeam "SC Steinfurt 1996 e. V."]

{[%evp 9,75,-53,162,163,383,182,237,192,293,278,305,229,498,490,488,438,475,475,606,451,587,326,650,430,503,3,587,586,29985,29985,29998,514,703,525,535,60,74,60,62,77,440,0,246,125,131,-393,-376,-628,-624,-667,-649,-635,-628,-921,-862,-29993,-29994,-29996,-29996,-29997,-29998,-29998,-29999,-29999,-29998,-29998,-29999,-29999]} 1. e4 e5 2. Nf3 Nc6 3. Bb5 a6 4. Bxc6 dxc6 5. Nxe5 Bc5 $2 {[%eval 162,21] [%wdl 904,96,0]} (5... Qg5 6. Nf3 Qxg2 7. Rg1 $11) (5... Qd4 $15 {[%eval -53,25] [%wdl 5,818,177] bleibt weiter vorne.} 6. Ng4 (6. Qh5 $2 g6 $17) 6... Qxe4+ 7. Ne3 Qg6) 6. O-O $18 {Dh5 ist eine echte Drohung. C68: Spanische Partie (Abtauschvariante).} f6 $2 {[%eval 383,22] [%wdl 1000,0,0]} (6... Nf6 {[%eval 163,25] [%wdl 906,94,0]}) 7. Nf3 $146 {[%eval 182,25] [%wdl 948,52,0]} (7. Qh5+ $142 {[%eval 383,22] [%wdl 1000,0,0]} g6 8. Nxg6 {[%mdl 64] Fesselung}) ({Vorgänger:} 7. Qh5+ g6 8. Nxg6 Bd4 9. Nxh8+ Ke7 10. Qxh7+ Ke6 11. Qf5+ Ke7 12. Ng6+ Kf7 13. Qh5 {1-0 Wong,K (957)-McCarthy,O Sachsen-ch U10 Girls Sebnitz 2012 (1)}) 7... f5 8. e5 {Weiß steht deutlich besser.} Qe7 {[%eval 293,25] [%wdl 999,1,0]} (8... Ba7 {[%eval 192,25] [%wdl 963,37,0] ist wohl besser.} 9. d3 Ne7) 9. d4 Bb6 10. Bg5 Nf6 $2 {[%eval 498,21] [%wdl 1000,0,0]} (10... Qe6 {[%eval 229,25] [%wdl 991,9,0] war nötig.} 11. Nc3 h6) 11. exf6 gxf6 12. Bh6 Rg8 13. d5 c5 14. d6 cxd6 15. Qd5 Rg6 $2 {[%eval 650,21] [%wdl 1000,0,0]} (15... Be6 {[%eval 326,25] [%wdl 1000,0,0]} 16. Qd3 O-O-O) 16. Nh4 Rxh6 17. Nxf5 {[%eval 3,26] [%wdl 18,968,14]} (17. Qg8+ $18 {[%eval 503,23] [%wdl 1000,0,0]} Kd7 18. Nxf5) 17... Qf8 $2 {[%eval 587,26] [%wdl 1000,0,0][%mdl 8192]} (17... Bxf5 $11 {[%eval 3,26] [%wdl 18,968,14]} 18. Qxf5 Qe5 19. Qxe5+ dxe5) 18. Nxd6+ {Hervorragende Reitkunst.} Ke7 19. Re1+ Kd7 20. Qe6+ {[%eval 514,26] [%wdl 1000,0,0]} (20. Nb5+ $142 {[%eval 32764,245] [%wdl 1000,0,0]} Qd6 21. Qxd6#) 20... Kc6 21. Qe4+ Kxd6 22. Rd1+ $2 {[%eval 60,23] [%wdl 150,849,1]} (22. Nd2 $18 {[%eval 535,28] [%wdl 1000,0,0] Droht Matt per Sc4+.} f5 (22... Kc7 $2 23. Qf4+ Qd6 24. Qxh6 $18) 23. Nc4+ Kc7 24. Qf4+ Kd8 (24... Rd6 $2 25. Rad1 $18 {[%mdl 64] Fesselung}) 25. Qg5+ Kc7 26. Qf4+ Kd8 (26... Rd6 $2 27. Rad1 $18 {[%mdl 64] Fesselung}) 27. Rad1+ Bd7 28. Ne5 (28. Nxb6 Rxb6 29. Qd2 Qg7 $11)) 22... Kc7 $14 {[%cal Bd6c7,Bc7c6,Bc6b6][%mdl 32] [#] Droht stark ...Kb8.} 23. Qf4+ {[%mdl 1024] Weiss hat starke Kompensation.} Kc6 {...Lc7 wäre nun fies.} 24. Nc3 Rg6 $2 {[%eval 440,26] [%wdl 1000,0,0][%mdl 8192]} (24... Bc7 $2 25. Qa4+ Kb6 26. Nd5+ Ka7 27. Nxc7 $18) (24... f5 $16 {[%eval 77,25] [%wdl 267,733,0]}) 25. Rd2 $2 {[%eval 0,38] [%wdl 8,984,8]} (25. Qa4+ Kc7 $18) (25. Qf3+ $18 {[%eval 440,26] [%wdl 1000,0,0]} Kc7 26. Qf4+ Kc6 27. Qe4+ (27. Qa4+ Kc7 $18) 27... Kc7 28. Nd5+ {[%mdl 64] Ablenkung} Kb8 29. Nxb6) 25... Bc7 $2 {[%eval 246,27] [%wdl 999,1,0]} (25... Rg4 $2 26. Qf3+ Kc7 27. Nd5+ Kb8 28. Nxb6 $18) (25... Rg5 $11 {[%eval 0,38] [%wdl 8,984,8] und Schwarz steht sicher.}) 26. Qe4+ {[%eval 125,20] [%wdl 778,222,0]} ({Vorzuziehen ist} 26. Qa4+ $18 {[%eval 246,27] [%wdl 999,1,0]} Kb6 27. Nd5+ {[%mdl 64] Ablenkung} Ka7 28. Nxc7 Rxg2+ {[%mdl 64] Hinlenkung} 29. Kxg2 Qg7+ 30. Kh1 Qxc7 31. Rad1) 26... Kb6 $16 {[#] Zielt auf ...Ka7 ab.} 27. a3 $2 {[%eval -393,25] [%wdl 0,0,1000][%mdl 8192]} (27. Nd5+ $16 {[%eval 131,23] [%wdl 831,169,0]} Kc6 28. Nxf6+ {[%csl Oc6][%mdl 64] Abzugsangriff (Schach)} Kb5 (28... Kb6 29. Nd5+ Kc6 30. f4 $16) 29. Nd7 (29. Nxh7 $2 {ist das falsche Schlagen.} Qh6 $19) (29. Nd5 Kc6 $16 {[%mdl 64] Hinlenkung}) 29... Bxh2+ (29... Qf4 30. a4+ Ka5 31. b4+ cxb4 32. Qd5+ b5 33. axb5#) 30. Kh1 Bxd7 31. Rxd7) 27... Qh6 28. Na4+ $2 {[%eval -628,27] [%wdl 0,0,1000]} (28. Nd5+ {[%eval -376,25] [%wdl 0,0,1000]} Ka7 29. f4) 28... Ka7 $19 29. Kf1 Qxd2 30. Qe7 Bb6 31. Nxc5 Rg5 32. Qxf6 Bxc5 {Schwarz setzt Matt.} 33. h4 Rf5 34. Qxf5 Bxf5 {[%csl Gc5][%cal Rd2f2]} 35. Kg1 Qxf2+ 36. Kh2 Bd6+ 37. Kh1 Be4 {[%csl Gf2][%cal Re4g2]} 38. Rg1 Qxh4# {Gewichteter Fehlerwert: Weiß=1.60/Schwarz=1.43.  Verlustzug:     	Weiß=1     	Schwarz=3     Gewinn verpasst:   	Weiß=1     	---        Fehler:       	Weiß=3     	Schwarz=4     Ungenau:       	Weiß=1     	Schwarz=3     OK:         	Weiß=2     	---        Bester:       	Weiß=1     	Schwarz=2} 0-1

[Event "Vereinsjugendmeisterschaft 2024"]
[Site "Steinfurt"]
[Date "2024.05.19"]
[Round "4.11"]
[White "Schlees, David"]
[Black "Janning, Luis"]
[Result "1-0"]
[WhiteElo "748"]
[BlackElo "750"]
[Annotator "Admin"]
[PlyCount "87"]
[Beauty "7422777230857"]
[GameId "2056110788227273"]
[EventDate "2024.??.??"]
[WhiteTeam "SC Steinfurt 1996 e. V."]
[BlackTeam "SC Steinfurt 1996 e. V."]

{[%evp 9,86,-43,123,119,116,118,133,117,98,0,467,461,488,491,495,450,449,442,432,360,459,464,556,551,551,552,635,605,641,634,706,665,665,636,650,648,646,640,664,660,664,664,697,695,1037,1025,1015,993,976,975,902,749,29987,29988,29989,29988,29988,29989,29990,29990,29991,29991,29991,29992,29993,29994,29995,29995,29995,29996,29996,29996,29996,29997,29998,29998,29998,29999,29999]} 1. d4 d5 2. Bf4 Nc6 {[%cal Bb8c6,Bc6b4,Bb4d3,Bd3f2,Bf2h1][%mdl 32]} (2... c6 3. e3 Nf6 4. c4 dxc4 5. Bxc4 Bg4 6. Qb3 e6 7. Qxb7) 3. e3 Nf6 4. c4 dxc4 5. Bxc4 Bg4 $2 {[%eval 123,21] [%wdl 703,297,0]} (5... e5 $1 $15 {[%eval -43,21] [%wdl 7,861,132] behält die Oberhand.} 6. dxe5 Qxd1+ 7. Kxd1 Ne4) 6. Qb3 $16 {[%csl LRb7,LRf7] D00: Damenbauernspiele.} e6 7. Qxb7 Nb4 {[#] Droht ...Tb8 und aus.} 8. Bb5+ {Weiß steht deutlich besser.} (8. Qxc7 $2 Qxc7 (8... Nc2+ 9. Kd2 $17) 9. Bxc7 Rc8 (9... Nc2+ 10. Kd2 $17) 10. Bb5+ Ke7 $19) (8. Bxc7 $6 Qc8 9. Bb5+ Nd7 $11 (9... Ke7 10. Bc6 $14)) 8... Nd7 $146 {Zielt auf ...Tb8 ab.} ({Vorgänger:} 8... c6 9. Bxc6+ Nxc6 10. Qxc6+ Nd7 11. Nc3 Bb4 12. Qa4 Qb6 13. Nf3 Bxc3+ 14. bxc3 Bxf3 15. gxf3 {1-0 Lenz,J (1074)-Cirovic,Z (1619) RF-2015-0-00261 LSS email}) 9. Bxd7+ {[%eval 0,28] [%wdl 31,939,30]} ({Schlechter ist} 9. Qxc7 Qxc7 10. Bxc7 Rc8 $17 (10... Nc2+ 11. Kd2 $17)) (9. Bxc7 $6 Rc8 10. Bxd8 Rc1+ 11. Kd2 Rc2+ 12. Ke1 Rc1+ 13. Kd2 Rc2+ 14. Ke1 Rc1+ 15. Kd2 $11) (9. Nc3 $16 {[%eval 98,16] [%wdl 501,498,1]}) 9... Qxd7 $2 {[%eval 467,24] [%wdl 1000,0,0][%mdl 8192] Weiß überlässt nun nichts mehr dem Zufall.} (9... Kxd7 $11 {[%eval 0,28] [%wdl 31,939,30] und Schwarz ist OK.} 10. Qb5+ (10. h3 Rb8 $17) 10... Kc8 (10... c6 11. Qb7+ Ke8 12. Kd2 $14)) 10. Qxa8+ $18 Qd8 11. Qxd8+ Kxd8 12. Na3 Nd3+ 13. Kd2 Nxf2 14. h3 {[%cal Oh3g4]} Nxh1 15. hxg4 Bb4+ 16. Ke2 Bxa3 17. bxa3 Re8 18. Nh3 e5 19. dxe5 f6 20. Rxh1 fxe5 21. Bg5+ Kc8 22. Rc1 Re6 23. Nf2 h6 {[%cal Bh7h6,Bh6h5][%mdl 32]} 24. Bh4 Rg6 25. Bg3 h5 26. Bxe5 hxg4 27. Rxc7+ Kd8 28. Rxa7 Re6 29. Nxg4 Rg6 30. Rxg7 Rxg7 31. Bxg7 {Weiß setzt Matt.} Kc8 32. e4 {[%cal Be3e4,Be4e5][%mdl 32]} Kd7 33. a4 Ke7 34. e5 Kf7 35. Bf6 Ke6 36. a5 Kf5 37. Ne3+ Ke4 38. a6 Kd4 39. a7 Kc5 40. Z0 Kc6 41. a8=Q+ Kd7 42. Qa6 Kc7 43. e6 Kb8 44. Be5# {Gewichteter Fehlerwert: Weiß=0.22 (präzise) /Schwarz=0.62.  Verlustzug:     	---       	Schwarz=1     Fehler:       	Weiß=1     	---        OK:         	Weiß=5     	Schwarz=4     Bester:       	---       	Schwarz=1} 1-0

[Event "Vereinsjugendmeisterschaft 2024"]
[Site "Steinfurt"]
[Date "2024.05.19"]
[Round "4.12"]
[White "Fegers, Florian"]
[Black "Castillo, Valeria"]
[Result "0-1"]
[WhiteElo "725"]
[BlackElo "750"]
[PlyCount "98"]
[Beauty "7012360396842"]
[GameId "2056110788231370"]
[EventDate "2024.??.??"]
[WhiteTeam "SC Steinfurt 1996 e. V."]
[BlackTeam "SC Steinfurt 1996 e. V."]

{[%evp 9,97,-113,29999,226,210,207,349,-425,-422,-505,479,461,465,-814,-789,-752,-606,-581,-413,-484,-441,-441,-427,-461,-456,-448,-430,-492,-476,-478,-425,-472,-450,-560,-511,-580,-578,-691,-613,-804,-619,-776,-774,-966,-755,-29992,-29993,-29994,-975,-29993,-29992,-29993,-29992,-29993,-29994,-29995,-29993,-29994,-29995,-29995,-29993,-29993,-29991,-29992,-29990,-29990,-29991,-29991,-1062,-1036,-1024,-29990,-29991,-29991,-29991,-29991,-29991,-29991,-29992,-29996,-29997,-29997,-29998,-29998,-29997,-29997,-29998,-29998,-29998,-29999]} 1. e4 e5 2. Nf3 Nf6 3. Qe2 Bc5 4. Nxe5 d6 5. Qc4 $146 ({Vorgänger:} 5. Qb5+ c6 6. Qc4 Be6 7. Qd3 Ng4 8. Nxg4 Bxg4 9. f3 Be6 10. e5 Bf5 11. Qxf5 Qh4+ 12. g3 Qd4 13. c3 Qf2+ 14. Kd1 g6 15. Qf6 O-O {½-½ Braun,F-Schauerte,B (1018) Hochsauerland-ch U10 Foeckinghausen 2003 (2)}) 5... Na6 $2 {[%eval 32766,26] [%wdl 1000,0,0][%mdl 8192] [#]} (5... Bxf2+ $17 {[%eval -113,25] [%wdl 1,369,630]} 6. Kxf2 dxe5) 6. Nxf7 $2 {[%eval 226,24] [%wdl 988,12,0] C42: Russische Verteidigung (Petrow).} (6. Qxf7# {[%eval 32766,26] [%wdl 1000,0,0] setzt Matt}) 6... Qe7 $18 7. Nxh8 {[%cal Oc4f7] Und jetzt Df7+! wäre schön.} Nxe4 {[%eval 349,25] [%wdl 1000,0,0]} (7... d5 $142 {[%eval 207,24] [%wdl 978,22,0]} 8. Qe2 (8. Qa4+ Bd7 $18) 8... dxe4) 8. Bd3 $4 {[%eval -425,27] [%wdl 0,0,1000][%mdl 8192]} (8. Qg8+ $18 {[%eval 349,25] [%wdl 1000,0,0]} Qf8 9. Qxf8+ (9. Qxh7 $2 Qxf2+ 10. Kd1 Bg4+) 9... Kxf8 10. Bxa6 bxa6 11. d3) 8... d5 $19 {Aktives Gegenspiel!} 9. Qxd5 Ng5+ {[%eval 479,27] [%wdl 1000,0,0][%mdl 8192]} (9... Nxf2+ 10. Be2 (10. Kf1 Qf6 $11) 10... Nxh1 11. d4 $11) (9... Nc3+ $19 {[%eval -505,27] [%wdl 0,0,1000] und alles wird gut.} 10. Be4 Nxd5) 10. Be2 Nb4 {[#]} 11. Qf5 {[%eval -814,18] [%wdl 0,0,1000][%mdl 8192]} Bxf5 12. d3 a5 {[%cal Of5d3] Weiss muss nun ...Lxd3! beachten.} 13. Bxg5 Qd7 14. Bh5+ Kf8 15. O-O Nxc2 16. Nc3 Nxa1 (16... Qxd3 17. Rad1 Qc4 18. Nd5 $17) 17. Rxa1 Bd4 (17... Bxd3 18. Bh4) (17... Qxd3 18. Re1) 18. Ne2 Bxb2 19. Re1 Ra6 (19... Bxd3 20. Nf4 g6 21. Bf3) 20. Ng3 Bxd3 ({Nicht} 20... Qxd3 21. Re8#) 21. Be7+ Kg8 22. Bf7+ Kxh8 23. Bf8 h6 24. Bg6 Kg8 25. Bc5 Rxg6 26. Re7 Qd8 {Zielt auf ...Tc6 ab.} 27. Nf5 Bxf5 28. Re1 Rc6 {[%eval -975,25] [%wdl 0,0,1000]} (28... Qd5 $142 {[%eval -32755,66] [%wdl 0,0,1000]} 29. g3 Bh3 (29... Qxc5 {führt zum Matt.} 30. Kg2 Qd5+ 31. f3 Qd2+ 32. Kh1 Qxe1+ 33. Kg2 Qe2+ 34. Kg1 Bd4+ 35. Kh1 Qxf3#) 30. Re8+ Kh7 31. Rh8+ Kxh8 32. f3 Qxc5+ 33. Kh1 Qc1#) 29. Be7 Qe8 30. a4 Bc3 31. Re3 Bd4 32. Re1 b6 33. Kf1 Bd3+ 34. Kg1 Bc3 35. Re3 Bf5 36. Bh4 Qd7 37. h3 g5 38. Bg3 Qg7 {[%eval -1062,27] [%wdl 0,0,1000]} (38... Qd1+ $142 {[%eval -32749,34] [%wdl 0,0,1000]} 39. Kh2 Bd4 (39... Qxa4 $2 40. f3 $19) 40. Re7 Rc1 (40... Qxa4 $2 41. Re2 $19) 41. Re8+ Kf7 42. Re7+ {[%mdl 64] Hinlenkung} Kxe7 43. Bd6+ cxd6 (43... Kxd6 {wird mattgesetzt.} 44. Kg3 Be5+ 45. f4 Bxf4+ 46. Kf2 Qf1#) 44. Kg3 Bxf2+ {[%mdl 64] Hinlenkung} (44... Qxa4 45. f4 Qb3+ {[%mdl 64] Ablenkung} 46. Kh2 gxf4 47. h4 Qg3#) 45. Kxf2 Qe1+ 46. Kf3 Rc3#) 39. Re8+ Kf7 40. Re3 Bd4 {Schwarz setzt Matt.} 41. Re1 Qg6 42. Rd1 Rc4 43. Re1 Qh5 44. Rd1 Qxd1+ 45. Kh2 Rc1 {[%csl Gc1][%cal Rd1g1]} 46. Bxc7 Rxc7 47. Kg3 Be5+ 48. f4 gxf4+ 49. Kf2 Rc2# {Gewichteter Fehlerwert: Weiß=1.28/Schwarz=0.88.  Gewinn verpasst:   	Weiß=2     	Schwarz=1     Fehler:       	---       	Schwarz=1     Ungenau:       	Weiß=1     	---        OK:         	Weiß=2     	Schwarz=4     Bester:       	---       	Schwarz=2} 0-1

[Event "Vereinsjugendmeisterschaft 2024"]
[Site "Steinfurt"]
[Date "2024.05.19"]
[Round "4.13"]
[White "Tuncer, Mehmet"]
[Black "Wiegand, Mats"]
[Result "1-0"]
[WhiteElo "750"]
[BlackElo "750"]
[Annotator "Admin"]
[PlyCount "25"]
[Beauty "8246739861514"]
[GameId "2056110788239563"]
[EventDate "2024.??.??"]
[WhiteTeam "SC Steinfurt 1996 e. V."]
[BlackTeam "SC Steinfurt 1996 e. V."]

{[%evp 9,25,416,457,-120,367,228,212,-80,78,83,409,-267,303,-551,-205,-191,195,-367]} 1. e3 {[%cal Be2e3,Be3e4][%mdl 32]} e5 2. e4 Nc6 3. Bc4 d5 $146 ({Vorgänger:} 3... d6 4. Qf3 Bd7 5. Bxf7+ Ke7 6. Bh5 Nd4 7. d3 Nxf3+ 8. gxf3 Nf6 9. Nc3 Nxh5 10. Bg5+ Nf6 {0-1 Tendai,E-Josh,M Kampala Sagewood Cup 2024 (6)}) 4. exd5 Bb4 5. dxc6 bxc6 6. f3 $2 {[%eval -120,22] [%wdl 1,317,682] [#] A00: Unregelmäßige Eröffnungen.} (6. a3 $18 {[%eval 457,24] [%wdl 1000,0,0]} Bd6 7. d3 (7. Qf3 Nf6 $18)) 6... Nf6 $2 {[%eval 367,21] [%wdl 1000,0,0][%mdl 8192]} (6... Qh4+ $17 {[%eval -120,22] [%wdl 1,317,682]} 7. Kf1 Qxc4+ 8. d3 Qe6) 7. g4 {[%cal Bg2g4,Bg4g5][%mdl 32]} e4 {[%cal Of6g4]} 8. f4 $2 {[%eval -80,24] [%wdl 2,647,351]} (8. Kf1 $18 {[%eval 212,24] [%wdl 981,19,0]}) 8... O-O $2 {[%eval 78,21] [%wdl 330,668,2]} (8... Nxg4 $6 9. Qe2 O-O 10. Nc3 $14 (10. Qxe4 $2 Qh4+ 11. Ke2 Bf5 $19)) (8... Bxg4 $17 {[%eval -80,24] [%wdl 2,647,351] bleibt auf Kurs.} 9. Be2 Nd5) 9. g5 $16 Nh5 {[%eval 409,22] [%wdl 1000,0,0][%mdl 8192]} 10. f5 $4 {[%eval -267,23] [%wdl 0,2,998][%mdl 8192] [#]} (10. Qxh5 $18 {[%eval 409,22] [%wdl 1000,0,0] nur so kann Weiss gewinnen.} Qd4 11. Qe2) 10... Bxf5 $4 {[%eval 303,25] [%wdl 999,1,0][%mdl 8192]} 11. Ne2 $4 {[%eval -551,19] [%wdl 0,0,1000][%mdl 8192]} (11. Qxh5 $18 {[%eval 303,25] [%wdl 999,1,0] Droht stark Se2.} Qd4 12. Qe2) 11... Bg4 $2 {[%eval -205,25] [%wdl 0,18,982]} (11... Qxg5 {[%eval -551,19] [%wdl 0,0,1000] ( -> ...Dh4+)} 12. Rg1 Qh4+ 13. Ng3 Bg4 (13... Qxh2 $2 14. Qxh5 Qxg1+ 15. Nf1 $19) 14. Qxg4 Qxg4) 12. Rg1 Bxe2 {[%eval 195,24] [%wdl 977,23,0][%mdl 8192]} ({Und nicht} 12... Qxg5 13. Rxg4 Qxg4 14. Ng3 Qxd1+ 15. Kxd1 Nxg3 16. hxg3 $11) (12... Be6 $19 {[%eval -191,25] [%wdl 0,29,971] und Schwarz kann entspannen.} 13. Bxe6 fxe6) 13. Kxe2 $4 {[%eval -367,18] [%wdl 0,0,1000][%mdl 40960] Ab hier nicht weiter rekonstruierbar.   Gewichteter Fehlerwert: Weiß=2.28/Schwarz=2.62.  Verlustzug:     	---       	Schwarz=2     Gewinn verpasst:   	Weiß=4     	Schwarz=2     Fehler:       	---       	Schwarz=2     Ungenau:       	Weiß=1     	---        OK:         	Weiß=1     	Schwarz=1    . Fehler vom Sensorbrett (Ke4/e5)?} (13. Qxe2 $18 {[%eval 195,24] [%wdl 977,23,0] war der einzige Gewinnzug.} Nf4 14. Qf1 (14. Qxe4 $2 {geht unter.} Re8 $19) (14. Qe3 Nd5 $16)) 1-0